| 000 | 00567nam a22001937a 4500 | ||
|---|---|---|---|
| 003 | OSt | ||
| 005 | 20140310181753.0 | ||
| 008 | 130628t xxu||||| |||| 00| 0 eng d | ||
| 020 | _a9718905170 | ||
| 050 |
_aPL 6165.4 _b.C227 1994 |
||
| 082 |
_aFIL 899.211 _bC165 1994 |
||
| 100 | _aCanonigo, C.S. | ||
| 245 |
_aAMKU (Aklat ng magandang kuwento) / _cC.S. Canonigo, Teresita G. Basadre. |
||
| 260 |
_aTaguig City, Philippines : _bCKC Publications, _c1994. |
||
| 300 |
_a202 p. : _bill. ; _c18 cm. |
||
| 650 | _aShort Stories | ||
| 942 |
_2lcc _cBK |
||
| 999 |
_c3340 _d3340 |
||